00382nam a2200133 a 4500008004100000050001500041100002000056245006200076260003100138300001600169350000900185650000800194650004600202120416s1966 ||||||||||||||||| || u aKD 188 Gla aGlass, Harold H14aThe Liability of employers in damages for personal injury aSidneybThe Law Bookc1966 axxxi, 292p. a0.00 aLAW aLIABILITY--EMPLOYERS--LAW AND LEGISLATION